000 00323nam a2200133Ia 4500
008 180730s9999||||xx |||||||||||||| ||und||
020 _a9780517886021
082 _a791.433
_bLAY/T
100 _aLaybourne, Kit
245 4 _aThe Animation Book
260 _aNew Yark
_bThree River Press
_c1998
300 _a426p
942 _aBK
999 _c2088
_d2088